000 00298nam a22001337a 4500
008 170926b xxu||||| |||| 00| 0 eng d
020 _a0582286735
041 _aeng
080 _22ND
_a37
100 _a46
101 _aEDU
245 _aAPPLYING EDUCATIONAL RESEARCH
_cBORG,W.R
942 _2udc
_cBK
999 _c29967
_d29967